| 000 | 00630nam a22001457a 4500 | ||
|---|---|---|---|
| 008 | 091220s1996 enk||||| |||| 000 0 eng d | ||
| 082 |
_222 _a339.4303 _bSEF |
||
| 100 |
_910047 _aSefton, Caroline |
||
| 245 |
_aInvestors Chronicle A-Z of Investment : _bThe Essential Guide to Tools, Terms and Techniques / _c Caroline Sefton. |
||
| 260 |
_aLondon : _b Pitman, _c1996 |
||
| 300 |
_axiv,258p. : _b ill. ; _c 22cm. |
||
| 650 |
_910048 _aSaving and investment _x-- Encyclopedias |
||
| 942 |
_2ddc _cBB |
||
| 999 |
_c13063 _d13063 |
||